000 01214nam0a2200361 i 4500
001 RU\NLR\bibl\1910133
005 20241104062745.0
010 _a9785222187074
_93000
021 _aRU
_b2012-37147
_92754
035 _a(nilc)RSL-KNO-005442721
035 _a(NLR Aleph) 001899678
090 _a3031495
_c3031495
100 _a20120604d2012 u y0rusy50 ca
101 1 _arus
_cger
102 _aRU
105 _aa |||||||||
200 1 _aМедвежья стратегия
_e[перевод с немецкого]
_fЛотар Зайверт
210 _aРостов-на-Дону
_cФеникс
_d2012
215 _a125 с.
_cцв. ил.
_d21
225 1 _aДеловая книга
606 _aОбраз жизни
_jПопулярные издания
_xОптимизация
_92158024
_3RU\NLR\auth\661298977
610 0 _aбюджет времени
686 _aС555.45,0
_2rubbk
686 _aЮ949.2,0
_2rubbk
686 _aС550.47я9
686 _aС550.354я9
700 1 _aЗайверт
_bЛ. Й.
_gЛотар Й.
_4070
801 0 _aRU
_bRuMoRKP
_c20120604
_grcr
801 1 _aRU
_bРГБ
_c20120604
801 2 _aRU
_bNLR
_c20120601
_grcr
942 _cBOOK
980 _aNBR